Nietzsche
Wedi'i Gadw mewn:
| Prif Awdur: | |
|---|---|
| Fformat: | Llyfr |
| Iaith: | Sbaeneg |
| Cyhoeddwyd: |
Ciudad de México
Fondo de Cultura Económica
1987
|
| Rhifyn: | 2a. ed |
| Cyfres: | Breviarios del Fondo de Cultura Económica, 226
|
| Pynciau: | |
| Tagiau: |
Ychwanegu Tag
Dim Tagiau, Byddwch y cyntaf i dagio'r cofnod hwn!
|
MARC
| LEADER | 00000nam a2200000 a 4500 | ||
|---|---|---|---|
| 001 | UCX2977 | ||
| 003 | CL-VaPUC | ||
| 008 | 910910e19870000MX |||||||||||||||||spa|d | ||
| 082 | 0 | 4 | |a 146.4 |b LEF |2 21 |
| 100 | |a Lefebvre, Henri |e author |9 581970 | ||
| 245 | 1 | 0 | |a Nietzsche |
| 250 | |a 2a. ed | ||
| 300 | |a 323 p | ||
| 942 | |c BK | ||
| 945 | |d 19910910 00:00:00 | ||
| 260 | |a Ciudad de México |b Fondo de Cultura Económica |c 1987 | ||
| 650 | 0 | |a Filosofía alemana |9 265002 | |
| 650 | 7 | |a FILOSOFIA SIGLO 19 |2 CL-VaPUC |9 315034 | |
| 650 | 0 | |a Crítica e interpretación |9 255042 | |
| 583 | |a last modification |c 20120930 09:34:01 |k Rodrigo Vera | ||
| 490 | 0 | |a Breviarios del Fondo de Cultura Económica, 226 | |
| 999 | |c 223870 |d 223868 | ||
| 952 | |0 0 |1 0 |4 0 |6 146_400000000000000_LEF_1987 |7 0 |8 P |9 220097 |a BIBEDU |b BIBEDU |c BIBEDU_PB |d 2019-11-15 |i 2887673 |o 146.4 LEF 1987 |p 2887673 |r 2024-01-25 |w 2019-11-15 |y BK |k FIL | ||
| 952 | |0 0 |1 0 |4 0 |6 146_400000000000000_LEF_1987 |7 0 |8 P |9 220098 |a BIBEDU |b BIBEDU |c BIBEDU_PB |d 2019-11-15 |i 2887681 |o 146.4 LEF 1987 |p 2887681 |r 2024-01-25 |w 2019-11-15 |y BK |k FIL | ||